General index to publications of the California State Mining Bureau. (Record no. 24690)

MARC details
000 -LEADER
fixed length control field 00868cam a22002531 4500
001 - CONTROL NUMBER
control field gs 07001544
003 - CONTROL NUMBER IDENTIFIER
control field DLC
005 - DATE AND TIME OF LATEST TRANSACTION
control field 20260227111307.0
008 - FIXED-LENGTH DATA ELEMENTS--GENERAL INFORMATION
fixed length control field 800415s1907 cauab bi s000 0 eng
010 ## - LIBRARY OF CONGRESS CONTROL NUMBER
LC control number gs 07001544
035 ## - SYSTEM CONTROL NUMBER
System control number (OCoLC)6205042
040 ## - CATALOGING SOURCE
Original cataloging agency DLC
Transcribing agency TxCM
Modifying agency DLC
042 ## - AUTHENTICATION CODE
Authentication code premarc
050 00 - LIBRARY OF CONGRESS CALL NUMBER
Classification number TN24.C2
Item number A3 no. 46
051 ## - LIBRARY OF CONGRESS COPY, ISSUE, OFFPRINT STATEMENT
Classification number TN24.C2
Item number Y22
Copy information Copy 2.
100 1# - MAIN ENTRY--PERSONAL NAME
Personal name Yale, Charles G.
245 10 - TITLE STATEMENT
Title General index to publications of the California State Mining Bureau.
Statement of responsibility, etc. Issued by the State Mining Bureau.
260 ## - PUBLICATION, DISTRIBUTION, ETC.
Place of publication, distribution, etc. Sacramento,
Name of publisher, distributor, etc. W.W. Shannon, superintendent state printing,
Date of publication, distribution, etc. 1907.
300 ## - PHYSICAL DESCRIPTION
Extent 54 p. incl. front. (map) illus.
410 20 - SERIES STATEMENT/ADDED ENTRY--CORPORATE NAME [OBSOLETE, CAN/MARC], [LOCAL, USA]
Corporate name or jurisdiction name as entry element California State Mining Bureau.
Title of a work Bulletin
Volume number/sequential designation no. 46
500 ## - GENERAL NOTE
General note Compiled by Charles G. Yale.
650 #0 - SUBJECT ADDED ENTRY--TOPICAL TERM
Topical term or geographic name entry element Mines and mineral resources
Geographic subdivision California.
650 #0 - SUBJECT ADDED ENTRY--TOPICAL TERM
Topical term or geographic name entry element Geology
Geographic subdivision California
Form subdivision Bibliography.

No items available.

Powered by Koha